<?xml version="1.0" encoding="UTF-8"?>
<collection xmlns="http://www.loc.gov/MARC21/slim">
 <record>
  <leader>00947cam a2200289 7i4500</leader>
  <controlfield tag="001">0000154322</controlfield>
  <controlfield tag="005">20240316090000.0</controlfield>
  <controlfield tag="008">231217t20222022nyua   ###   #00001eng##</controlfield>
  <datafield tag="020" ind1="#" ind2="#">
   <subfield code="a">9781639870219 </subfield>
  </datafield>
  <datafield tag="040" ind1="#" ind2="#">
   <subfield code="a">UMT </subfield>
   <subfield code="b">eng </subfield>
   <subfield code="c">UMT </subfield>
   <subfield code="e">rda</subfield>
  </datafield>
  <datafield tag="090" ind1="0" ind2="#">
   <subfield code="a">GC 11.2 </subfield>
   <subfield code="b">.A3 2022</subfield>
  </datafield>
  <datafield tag="245" ind1="1" ind2="0">
   <subfield code="a">Advances in oceanography  </subfield>
   <subfield code="c">edited by Oscar Roberts.</subfield>
  </datafield>
  <datafield tag="264" ind1="#" ind2="4">
   <subfield code="c">♭2022</subfield>
  </datafield>
  <datafield tag="264" ind1="#" ind2="1">
   <subfield code="a">New York: </subfield>
   <subfield code="b">Murphy &amp; Moore Publishing, </subfield>
   <subfield code="c">2022</subfield>
  </datafield>
  <datafield tag="300" ind1="#" ind2="#">
   <subfield code="a">vi, 254 pages: </subfield>
   <subfield code="b">some colour illustrations; </subfield>
   <subfield code="c">27 cm</subfield>
  </datafield>
  <datafield tag="336" ind1="#" ind2="#">
   <subfield code="a">text -- </subfield>
   <subfield code="2">rdacontent</subfield>
  </datafield>
  <datafield tag="337" ind1="#" ind2="#">
   <subfield code="a">unmediated -- </subfield>
   <subfield code="2">rdamedia</subfield>
  </datafield>
  <datafield tag="338" ind1="#" ind2="#">
   <subfield code="a">volume -- </subfield>
   <subfield code="2">rdacarrier</subfield>
  </datafield>
  <datafield tag="504" ind1="#" ind2="#">
   <subfield code="a">Includes bibliographical references and index</subfield>
  </datafield>
  <datafield tag="590" ind1="#" ind2="#">
   <subfield code="a">Institut Oseanografi dan Sekitaran (INOS)</subfield>
  </datafield>
  <datafield tag="591" ind1="#" ind2="#">
   <subfield code="a">Pameran Buku Ilmiah 2023</subfield>
  </datafield>
  <datafield tag="650" ind1="#" ind2="0">
   <subfield code="a">Oceanography </subfield>
  </datafield>
  <datafield tag="650" ind1="#" ind2="0">
   <subfield code="a">Earth sciences </subfield>
  </datafield>
  <datafield tag="650" ind1="#" ind2="0">
   <subfield code="a">Ocean </subfield>
  </datafield>
  <datafield tag="650" ind1="#" ind2="0">
   <subfield code="a">Marine sciences </subfield>
  </datafield>
  <datafield tag="700" ind1="1" ind2="#">
   <subfield code="a">Roberts, Oscar </subfield>
  </datafield>
  <datafield tag="999" ind1=" " ind2=" ">
   <subfield code="a">1100115379</subfield>
   <subfield code="b">Book</subfield>
   <subfield code="c">Open Shelf</subfield>
   <subfield code="e">KOLEKSI TERBUKA</subfield>
  </datafield>
 </record>
</collection>
